Limba română a 6-a şcoli şi secţii cu limbile de predare ale naţionalităţilor conlocuitoare /vocabular român-slovac/

Bibliographic Details
Main Authors: Bendorfeanu, Doina (Author), Hobán, Ilona (Author), Zahoranschi, Viorica (Author)
Other Authors: Unipan, Helga (Illuminator), Soó Zöld, Margit (Illuminator)
Format: Book
Language:Romanian, Moldovan
PhysicalDescription:246 s., [8] čiast. fareb. reprod. 8°
Published: Bucureşti Ed. didactică şi pedagogică 1978

MARC

LEADER 00000nam a2200000 a 4500
001 vtls001265457
003 SK-MaSNL
005 20260301113058.0
008 240315s1978 RO 0 rum
035 |a SNK000216383 
040 |a SNK  |b slo  |c SNK  |e AACR2 
044 |a RO 
100 1 |a Bendorfeanu, Doina  |4 aut  |9 381714 
245 1 |a Limba română a 6-a  |b şcoli şi secţii cu limbile de predare ale naţionalităţilor conlocuitoare /vocabular român-slovac/  |c Doina Bendorfeanu, Ilona Hobán, Viorica Zahoranschi ; Il. Helga Unipan, Margit Soó Zöld 
260 |a Bucureşti  |b Ed. didactică şi pedagogică  |c 1978 
300 |a 246 s., [8] čiast. fareb. reprod.  |c 8° 
700 1 |a Hobán, Ilona  |4 aut  |9 381715 
700 1 |a Zahoranschi, Viorica  |4 aut  |9 381716 
700 1 |a Unipan, Helga  |4 ilu  |9 381721 
700 1 |a Soó Zöld, Margit  |4 ilu  |9 381722 
958 |a OND 
999 |c 712587  |d 714517 
952 |a SNK  |b SNK  |y PREZ  |7 0  |p 17A0791933  |o snkSC 45712  |0 0  |1 0  |4 0  |d 2012-07-31  |l 0  |r 2025-10-27 00:00:00  |w 2026-02-23 
952 |t P60, <03>, [BOOK], {603}  |a SNK  |b SNK  |y PREZ  |7 0  |o snkSC 45712  |i snkV 548/79  |0 0  |1 0  |4 0  |d 1996-11-07  |l 0  |r 2005-01-01 00:00:00  |w 2026-02-23 
952 |t P60, <04>, [BOOK], {604}  |a SNK  |b SNK  |y VYP  |7 0  |o snkSC 45712 D1  |i snkV 549/79  |0 0  |1 0  |4 0  |d 1996-11-07  |l 0  |r 2005-01-01 00:00:00  |w 2026-02-23